Fr. Conceicao Rodrigues College of Engineering

Inside Windows N.T. (Record no. 23538)

MARC details
000 -LEADER
fixed length control field 00312nam a2200145Ia 4500
082 ## - DEWEY DECIMAL CLASSIFICATION NUMBER
Classification number 5.4469
Item number CUS
100 ## - MAIN ENTRY--PERSONAL NAME
Personal name Custer/Helen
245 ## - TITLE STATEMENT
Title Inside Windows N.T.
260 ## - PUBLICATION, DISTRIBUTION, ETC.
Name of publisher, distributor, etc. Microsoft Press
Place of publication, distribution, etc. New Delhi
Date of publication, distribution, etc. 1993
300 ## - PHYSICAL DESCRIPTION
Extent 385
546 ## - LANGUAGE NOTE
Language note ENGLISH
654 ## - SUBJECT ADDED ENTRY--FACETED TOPICAL TERMS
Focus term Inside Windows
942 ## - ADDED ENTRY ELEMENTS (KOHA)
Koha item type BOOK
Holdings
Withdrawn status Lost status Damaged status Not for loan Collection Home library Current library Date acquired Total Checkouts Full call number Barcode Date last seen Price effective from Koha item type Shelving location
        CRC Fr. Agnel's C.Rodrigues College of Engineering Fr. Agnel's C.Rodrigues College of Engineering 17/03/2023   5.4469 CUS 9719 17/03/2023 17/03/2023 BOOK  
        CRC Fr. Agnel's C.Rodrigues College of Engineering Fr. Agnel's C.Rodrigues College of Engineering 17/03/2023   5.4469 CUS 9720 17/03/2023 17/03/2023 BOOK